| 000 | 00631nam a2200169 4500 | ||
|---|---|---|---|
| 001 | 132926 | ||
| 003 | ES-MaACL | ||
| 005 | 20230906194259.0 | ||
| 007 | t| | ||
| 008 | 070214s1919 sp r ||||1| spa d | ||
| 100 | 1 |
_aRoyo Gonzálvez, Miguel. _9100229 |
|
| 245 | 1 | 0 |
_aProblemas universitarios _b: discurso leído en la solemne apertura del curso académico de 1919 a 1920 en la Universidad Literaria de Sevilla / _cMiguel Royo Gonzálvez. |
| 260 |
_aSevilla : _b[s. n.], _c1919 ( _fImp. de Eulogio de las Heras) |
||
| 300 |
_a55 p. ; _c31 cm. |
||
| 710 | 2 |
_aUniversidad Literaria de Sevilla. _97391 |
|
| 852 |
_aES-MaACL _j1538-F-13 |
||
| 999 |
_c132926 _d132926 |
||